| 000 | 00864nam a2200217 a 4500 | ||
|---|---|---|---|
| 001 | 000033634 | ||
| 003 | DO-SdBNP | ||
| 005 | 20250318153328.0 | ||
| 008 | 110902s1879 fr a 000 0 fre d | ||
| 040 |
_aDO-SdBNP _bspa _cBNPHU |
||
| 100 | 1 |
_aRoselly de Lorgues, _cconte, _d1805-1898. _959108 |
|
| 245 | 1 | 0 |
_aChristophe Colomb / _cpar le comte Roselly de Lorgues ; illustration de M. Eugéne Mathieu. |
| 260 |
_aParís : _bSociété Générale de Librairie Catholique, _c1879. |
||
| 300 |
_axxv, 580 p. : _bil. ; _c29 cm. |
||
| 600 | 0 |
_aCOLÓN, CRISTOBAL, _d1436-1456 _919795 |
|
| 650 | 2 | 4 |
_aExploradores _zAmérica _xBiografía _959077 |
| 650 | 2 | 4 |
_aExploradores _zEspaña _xBiografía _959078 |
| 651 | 4 |
_aAmérica -- _xDescubrimiento y exploración -- _xEspañoles _9544 _vEnsayo, conferencias, etc. |
|
| 700 | 1 |
_aMathieu, M. Eugéne, _eilus. _959109 |
|
| 942 |
_2ddc _cLBS1 |
||
| 999 |
_c33125 _d33125 |
||